000 00305nam a22001337a 4500
008 181015b xxu||||| |||| 00| 0 eng d
020 _a9780062734761
041 _aeng
080 _a371
100 _a46
101 _aEDU
245 _aRobert's rules in plain English
_cZimmerman,D.P
942 _2udc
_cBK
999 _c49657
_d49657